[Event "Ekaterinburg UrFO-ch"]
[Site "Ekaterinburg"]
[Date "2008.03.20"]
[Round "6"]
[White "Lobanov, Andrey"]
[Black "Serebriakov, Vladimir"]
[Result "0-1"]
[WhiteElo "2084"]
[BlackElo "2318"]
[PlyCount "102"]
[EventDate "2008.03.15"]
[EventType "swiss"]
[EventRounds "9"]
[EventCountry "RUS"]
[SourceTitle "EXT 2009"]
[Source "ChessBase"]
[SourceDate "2008.11.26"]
[SourceVersion "1"]
[SourceVersionDate "2008.11.26"]
[SourceQuality "1"]

1. d4 e6 2. c4 Nf6 3. Nc3 Bb4 4. Qc2 d5 5. Bg5 Nbd7 6. e3 0-0 7. Nf3 c5 8. Bd3 h6 9. Bh4 dxc4 10. Bxc4 cxd4 11. Nxd4 Ne5 12. Be2 Bxc3+ 13. Qxc3 Ng6 14. Bxf6 Qxf6 15. 0-0 e5 16. Nb3 Qg5 17. Kh1 f5 18. Nc5 b6 19. Qc4+ Kh7 20. f4 Qe7 21. Na6 Be6 22. Qc7 Qf6 23. Qc6 Rac8 24. Nc7 exf4 25. Qxe6 Rxc7 26. Qxf6 Rxf6 27. exf4 Rc2 28. Bb5 Rxb2 29. a4 Rd6 30. Rad1 Rxd1 31. Rxd1 Nxf4 32. g3 Ne6 33. Bd7 Ng5 34. Bxf5+ g6 35. Rd7+ Kg8 36. Bg4 h5 37. Bd1 a6 38. Kg1 b5 39. Rd6 Kf7 40. Rxa6 Rb1 41. Rd6 Ne4 42. Rd3 Nc5 43. Rd5 Nxa4 44. Kf2 Nc3 45. Rd3 Nxd1+ 46. Ke2 Nb2 47. Rb3 Rh1 48. h4 Nc4 49. Rxb5 Kf6 50. Kf2 Ne5 51. Kg2 Ra1 0-1

[Event "Ekaterinburg UrFO-ch"]
[Site "Ekaterinburg"]
[Date "2008.03.17"]
[Round "3"]
[White "Serebriakov, Vladimir"]
[Black "Menshikov, Alexander"]
[Result "1/2-1/2"]
[WhiteElo "2318"]
[BlackElo "2171"]
[PlyCount "139"]
[EventDate "2008.03.15"]
[EventType "swiss"]
[EventRounds "9"]
[EventCountry "RUS"]
[SourceTitle "EXT 2009"]
[Source "ChessBase"]
[SourceDate "2008.11.26"]
[SourceVersion "1"]
[SourceVersionDate "2008.11.26"]
[SourceQuality "1"]

1. e4 c5 2. Nf3 Nc6 3. d3 g6 4. g3 Bg7 5. Bg2 d6 6. 0-0 Rb8 7. Nh4 e6 8. f4 Nge7 9. a4 0-0 10. Na3 a6 11. c3 d5 12. e5 b5 13. axb5 axb5 14. d4 cxd4 15. cxd4 Qb6 16. Be3 b4 17. Nc2 Ba6 18. Rf2 Bc4 19. g4 f5 20. gxf5 exf5 21. Nf3 Ra8 22. h4 Na5 23. Nd2 Bd3 24. Ne1 Be4 25. h5 Nac6 26. Nb3 Rxa1 27. Qxa1 Qa7 28. hxg6 hxg6 29. Qxa7 Nxa7 30. Nc5 Nb5 31. Ned3 Nc6 32. Bf1 Nbxd4 33. Nxb4 Nxb4 34. Bxd4 Nc6 35. Bc3 Rb8 36. Na6 Rb6 37. b4 g5 38. b5 Nd8 39. Ba5 Rh6 40. Bg2 Nb7 41. fxg5 Rg6 42. Bxe4 fxe4 43. Bd2 Bxe5 44. Rf5 Re6 45. Nb4 Nd6 46. Rf1 Nc4 47. Be1 d4 48. Nd5 e3 49. Bb4 d3 50. Rf8+ Kg7 51. Nxe3 Nxe3 52. Rd8 Nc2 53. Bc5 Ne1 54. Kf2 Bf4 55. Bb4 Nc2 56. Bc3+ Kg6 57. Rxd3 Be3+ 58. Kf3 Bxg5 59. Rd5 Ne3 60. Rc5 Kh5 61. Rxg5+ Kxg5 62. Bd2 Kf5 63. Bxe3 Re5 64. b6 Rb5 65. Bd4 Rb3+ 66. Kf2 Ke4 67. Bc5 Rb5 68. b7 Rxb7 69. Kg2 Rb2+ 70. Kh1 1/2-1/2